000 01133nam a22002177a 4500
005 20241029120411.0
010 _aB-748490-494 HIN-128733
020 _c600.00
_a9788178571805
035 _aB-748490-494
035 _aHN-101079
037 _bसाहित्य प्रकाशन
082 _a305.4
100 _aचित्रा मुदगल
_973618
245 _aदेह-देहरी/
_cचित्रा मुदगल
246 _aDeh-Dehri
_bby Chitra Mudgal
260 _aदिल्ली
_bसाहित्य प्रकाशन
_c2022
270 _a101,फर्स्ट फ्लोर,प्रताप नगर, मयूर विहार-1
_bदिल्ली
_e110091
300 _a310पृ
_c22सेमी (सजिल्द)
942 _adpl
_cHN
_2ddc
_h305.4
_mचित्रामु
999 _c194664
_d194664